| 000 | 00715nam a2200205 i 4500 | ||
|---|---|---|---|
| 001 | 187987 | ||
| 003 | ES-MaACL | ||
| 005 | 20260306063018.0 | ||
| 007 | t| | ||
| 008 | 180406s1914 xxk ||||1| eng d | ||
| 100 | 1 |
_aWhitehead, Alfred North, _d1861-1947 _9116695 |
|
| 245 | 1 | 4 |
_aThe axioms of descriptive geometry / _cby A.N. Whitehead. |
| 260 |
_aLondon : _bCambridge University Press, 1914. |
||
| 300 |
_aVIII, 74 p. ; _c22 cm. |
||
| 490 | 1 |
_aCambridge tracts in mathematics and mathematical physics ; _v5 |
|
| 650 | 4 |
_aGeometrĂa descriptiva. _9136182 |
|
| 830 | 0 |
_aCambridge tracts in mathematics and mathematical physics ; _v5 _9192958 |
|
| 852 |
_aES-MaACL _jC-8149 |
||
| 999 |
_c187987 _d187987 |
||